[Event "Bodensee-Cup 2011  17th"]
[Site "Konstanz (13.5.-15.5)"]
[Date "2011.05.13"]
[Round "1.12"]
[White "Gaehwiler, Gabriel"]
[Black "Mons, Leon"]
[Result "0-1"]
[WhiteElo "2181"]
[BlackElo "2300"]
[PlyCount "68"]
[EventDate "2011.05.??"]
[EventType "team-swiss"]
[EventRounds "3"]
[EventCountry "GER"]
[WhiteTeam "Schweiz"]
[BlackTeam "Bayern"]
[WhiteTeamCountry "SUI"]
[BlackTeamCountry "GER"]

1. e4 g6 2. d4 Bg7 3. Nc3 d6 4. f4 a6 5. Nf3 b5 6. a3 Nd7 7. Be3 Bb7 8. Be2 c5
9. dxc5 Nxc5 10. e5 Nh6 11. h3 O-O 12. O-O Qc8 13. Nd5 Nf5 14. Nxe7+ Nxe7 15.
Qxd6 Ne4 16. Qxe7 Ng3 17. Bd3 Re8 18. Qh4 Nxf1 19. Rxf1 Qc6 20. Qg3 Rad8 21.
Rf2 Qd5 22. Ng5 Qd7 23. f5 Bxe5 24. Qh4 f6 25. fxg6 fxg5 26. Qxg5 Bd4 27. Bxd4
Qxd4 28. gxh7+ Kh8 29. c3 Re1+ 30. Kh2 Qe5+ 31. Qxe5+ Rxe5 32. Bg6 Rg5 33. Bc2
Rxg2+ 34. Rxg2 Bxg2 0-1

[Event "Bodensee-Cup 2011  17th"]
[Site "Konstanz (13.5.-15.5)"]
[Date "2011.05.14"]
[Round "2.1"]
[White "Heinz, Axel(87)"]
[Black "Boguslavskyy, Oleg"]
[Result "1/2-1/2"]
[WhiteElo "2446"]
[BlackElo "2467"]
[PlyCount "82"]
[EventDate "2011.05.??"]
[EventType "team-swiss"]
[EventRounds "3"]
[EventCountry "GER"]
[WhiteTeam "Bayern"]
[BlackTeam "Baden"]
[WhiteTeamCountry "GER"]
[BlackTeamCountry "GER"]

1. e4 e5 2. Nf3 Nc6 3. Bc4 Bc5 4. c3 Nf6 5. b4 Bb6 6. d3 d6 7. a4 a5 8. b5 Ne7
9. Nbd2 Ng6 10. O-O O-O 11. Re1 Nh5 12. Bb3 Nhf4 13. Nc4 Bg4 14. Bxf4 Nxf4 15.
Nxb6 cxb6 16. Re3 Qf6 17. Qf1 Rac8 18. Rc1 h5 19. Nd2 Qg5 20. Kh1 h4 21. h3 Be6
22. Bxe6 fxe6 23. Nf3 Qh5 24. Nh2 Rc7 25. Ng4 Rfc8 26. Qe1 Qg5 27. Rc2 Nh5 28.
Qa1 Kh7 29. Qa3 Qe7 30. Re1 Rc5 31. Qb3 Nf4 32. c4 R5c7 33. Rd2 Qg5 34. Re3 Nh5
35. Qa3 Qe7 36. Qa1 Nf4 37. Rd1 Qg5 38. Qa3 Rc5 39. Qb2 R8c7 40. Rde1 Rc8 41.
Qd2 R5c7 1/2-1/2

[Event "Bodensee-Cup 2011  17th"]
[Site "Konstanz (13.5.-15.5)"]
[Date "2011.05.14"]
[Round "2.2"]
[White "Gschnitzer, Oswald Dr"]
[Black "Fedorovsky, Michael"]
[Result "1/2-1/2"]
[WhiteElo "2429"]
[BlackElo "2381"]
[PlyCount "42"]
[EventDate "2011.05.??"]
[EventType "team-swiss"]
[EventRounds "3"]
[EventCountry "GER"]
[WhiteTeam "Baden"]
[BlackTeam "Bayern"]
[WhiteTeamCountry "GER"]
[BlackTeamCountry "GER"]

1. Nf3 Nf6 2. c4 e6 3. Nc3 Bb4 4. Qc2 O-O 5. a3 Bxc3 6. Qxc3 b6 7. b4 Bb7 8.
Bb2 d6 9. g3 a5 10. Bg2 axb4 11. axb4 Rxa1+ 12. Bxa1 Nbd7 13. O-O Qe7 14. d3
Ra8 15. e4 c5 16. Rb1 Qd8 17. bxc5 Nxc5 18. e5 dxe5 19. Nxe5 Bxg2 20. Kxg2 Ra2
21. Bb2 Ne8 1/2-1/2

[Event "Bodensee-Cup 2011  17th"]
[Site "Konstanz (13.5.-15.5)"]
[Date "2011.05.14"]
[Round "2.3"]
[White "Bayer, Bernhard"]
[Black "Kuehn, Peter Dr(76)"]
[Result "1-0"]
[WhiteElo "2414"]
[BlackElo "2370"]
[PlyCount "83"]
[EventDate "2011.05.??"]
[EventType "team-swiss"]
[EventRounds "3"]
[EventCountry "GER"]
[WhiteTeam "Bayern"]
[BlackTeam "Baden"]
[WhiteTeamCountry "GER"]
[BlackTeamCountry "GER"]

1. c4 c6 2. d4 d5 3. Nc3 Nf6 4. Nf3 a6 5. cxd5 cxd5 6. g3 e6 7. Bg2 Be7 8. O-O
O-O 9. Ne5 b5 10. Bg5 Bb7 11. Rc1 h6 12. Be3 Nbd7 13. f4 Rc8 14. Qd3 Nxe5 15.
dxe5 Nd7 16. Bd4 b4 17. Na4 Qa5 18. b3 Nc5 19. Nxc5 Bxc5 20. e3 Bxd4 21. Qxd4
Rxc1 22. Rxc1 Rc8 23. Rxc8+ Bxc8 24. Qa7 Qb5 25. Qc7 Qb7 26. Qd8+ Kh7 27. Bf1
g6 28. Qf8 h5 29. Kf2 a5 30. Qc5 Qa8 31. Qc7 Kg7 32. Bb5 Bb7 33. Bd7 Kg8 34. h3
d4 35. exd4 Bg2 36. Qc8+ Qxc8 37. Bxc8 Bxh3 38. d5 Bf5 39. d6 Kf8 40. Bd7 Bb1
41. Ke3 Bxa2 42. Ba4 1-0

[Event "Bodensee-Cup 2011  17th"]
[Site "Konstanz (13.5.-15.5)"]
[Date "2011.05.14"]
[Round "2.4"]
[White "Pfrommer, Christoph"]
[Black "Jorczik, Julian"]
[Result "1-0"]
[WhiteElo "2321"]
[BlackElo "2368"]
[PlyCount "67"]
[EventDate "2011.05.??"]
[EventType "team-swiss"]
[EventRounds "3"]
[EventCountry "GER"]
[WhiteTeam "Baden"]
[BlackTeam "Bayern"]
[WhiteTeamCountry "GER"]
[BlackTeamCountry "GER"]

1. Nf3 Nf6 2. c4 g6 3. g3 Bg7 4. Bg2 O-O 5. Nc3 c6 6. d4 d6 7. O-O Qb6 8. h3
Qa6 9. b3 b5 10. c5 dxc5 11. dxc5 b4 12. Na4 Nd5 13. Bg5 Bxa1 14. Qxa1 f6 15.
Bh6 Rf7 16. e4 Nc7 17. Rd1 Bd7 18. Qd4 Qb7 19. e5 Ne6 20. Qc4 Qc8 21. exf6 exf6
22. Nd2 Qa6 23. Qxb4 Nc7 24. Nc3 Qc8 25. Nc4 Nba6 26. Qa5 Ne8 27. Kh2 Nac7 28.
Ne4 Qa6 29. Qd2 Be6 30. Ncd6 Rd8 31. Qb2 Bf5 32. Bf1 Nb5 33. Bc4 Bxe4 34. Bxf7+
1-0

[Event "Bodensee-Cup 2011  17th"]
[Site "Konstanz (13.5.-15.5)"]
[Date "2011.05.14"]
[Round "2.5"]
[White "Raykhman, Alexander"]
[Black "Raupp, Thomas"]
[Result "1/2-1/2"]
[WhiteElo "2335"]
[BlackElo "2335"]
[PlyCount "37"]
[EventDate "2011.05.??"]
[EventType "team-swiss"]
[EventRounds "3"]
[EventCountry "GER"]
[WhiteTeam "Bayern"]
[BlackTeam "Baden"]
[WhiteTeamCountry "GER"]
[BlackTeamCountry "GER"]

1. d4 d5 2. c4 e6 3. Nc3 Be7 4. Nf3 Nf6 5. Bf4 O-O 6. e3 Nbd7 7. Qc2 c5 8. dxc5
Nxc5 9. Be2 dxc4 10. Bxc4 a6 11. a4 b6 12. O-O Bb7 13. Ne5 Ncd7 14. Qe2 Nxe5
15. Bxe5 Qc8 16. Rac1 Qc6 17. f3 Rfc8 18. Bd3 Qe8 19. Bg3 1/2-1/2

[Event "Bodensee-Cup 2011  17th"]
[Site "Konstanz (13.5.-15.5)"]
[Date "2011.05.14"]
[Round "2.6"]
[White "Miltner, Arndt"]
[Black "Pitl, Gregory"]
[Result "0-1"]
[WhiteElo "2231"]
[BlackElo "2335"]
[PlyCount "54"]
[EventDate "2011.05.??"]
[EventType "team-swiss"]
[EventRounds "3"]
[EventCountry "GER"]
[WhiteTeam "Baden"]
[BlackTeam "Bayern"]
[WhiteTeamCountry "GER"]
[BlackTeamCountry "GER"]

1. Nf3 Nf6 2. c4 c6 3. e3 d5 4. Nc3 e6 5. Qc2 Bd6 6. b3 O-O 7. Bb2 e5 8. cxd5
cxd5 9. Nb5 Nc6 10. Nxd6 Qxd6 11. Bb5 Nb4 12. Qc3 d4 13. exd4 e4 14. Ne5 Nfd5
15. Qc5 Qxc5 16. dxc5 Nc2+ 17. Kd1 Nxa1 18. Bxa1 Be6 19. Re1 Rac8 20. Bd4 Rfd8
21. c6 bxc6 22. Ba6 Rc7 23. Bc5 f6 24. Nc4 Rcd7 25. g3 Nc7 26. Bb7 Bxc4 27.
bxc4 Ne6 0-1

[Event "Bodensee-Cup 2011  17th"]
[Site "Konstanz (13.5.-15.5)"]
[Date "2011.05.14"]
[Round "2.7"]
[White "Koepke, Christian"]
[Black "Weindl, Alfred"]
[Result "1-0"]
[WhiteElo "2337"]
[BlackElo "2260"]
[PlyCount "75"]
[EventDate "2011.05.??"]
[EventType "team-swiss"]
[EventRounds "3"]
[EventCountry "GER"]
[WhiteTeam "Bayern"]
[BlackTeam "Baden"]
[WhiteTeamCountry "GER"]
[BlackTeamCountry "GER"]

1. e4 c5 2. Nf3 Nc6 3. d4 cxd4 4. Nxd4 Nf6 5. Nc3 d6 6. Bg5 e6 7. Qd2 a6 8.
O-O-O Bd7 9. f3 b5 10. Kb1 h6 11. Be3 Be7 12. g4 Ne5 13. Bd3 Qc7 14. h4 Nc4 15.
Bxc4 Qxc4 16. g5 Nh5 17. Nce2 Qc7 18. Nb3 a5 19. gxh6 g6 20. Nf4 Nxf4 21. Bxf4
a4 22. Nc1 e5 23. Be3 Rc8 24. Nd3 Be6 25. Nb4 Qc4 26. a3 d5 27. Nxd5 b4 28.
axb4 Bxd5 29. exd5 Bxb4 30. Qd3 Kd7 31. h5 Qxd3 32. Rxd3 Rcg8 33. hxg6 Rxg6 34.
Rh4 Bf8 35. Rxa4 Bxh6 36. Ra7+ Kd6 37. Bxh6 Rhxh6 38. Rxf7 1-0

[Event "Bodensee-Cup 2011  17th"]
[Site "Konstanz (13.5.-15.5)"]
[Date "2011.05.14"]
[Round "2.8"]
[White "Kiefhaber, Holger"]
[Black "Baldauf, Marco"]
[Result "0-1"]
[WhiteElo "2216"]
[BlackElo "2358"]
[PlyCount "110"]
[EventDate "2011.05.??"]
[EventType "team-swiss"]
[EventRounds "3"]
[EventCountry "GER"]
[WhiteTeam "Baden"]
[BlackTeam "Bayern"]
[WhiteTeamCountry "GER"]
[BlackTeamCountry "GER"]

1. e4 e5 2. Bc4 Nc6 3. Nc3 Nf6 4. d3 Bc5 5. f4 d6 6. Nf3 Bg4 7. Na4 a6 8. Nxc5
dxc5 9. O-O Qd6 10. h3 Bxf3 11. Qxf3 O-O 12. a3 Rae8 13. f5 Nd4 14. Qf2 b5 15.
Ba2 c4 16. Be3 cxd3 17. cxd3 c5 18. g4 Rc8 19. Rad1 Rfd8 20. Qh4 c4 21. g5 Nd7
22. dxc4 bxc4 23. Rd2 Nf8 24. g6 hxg6 25. Rg2 Rc6 26. Bg5 f6 27. Be3 g5 28. Qg4
Nh7 29. h4 Qe7 30. hxg5 fxg5 31. Rh2 Rdd6 32. Rh5 Nb3 33. Bxg5 Nxg5 34. Rxg5
Rh6 35. Rf2 Kh7 36. Rh5 Rxh5 37. Qxh5+ Rh6 38. Qg4 Qc5 39. Bxb3 cxb3 40. Kg2
Qc1 41. Re2 Qh1+ 42. Kf2 Rh2+ 43. Ke3 Qc1+ 44. Kd3 Qd1+ 45. Kc3 Qd4+ 46. Kxb3
Qd3+ 47. Kb4 Qb5+ 48. Kc3 Rxe2 49. Qh4+ Kg8 50. Qd8+ Kf7 51. Qc7+ Ke8 52. Qc8+
Ke7 53. Qe6+ Kd8 54. Qg8+ Kc7 55. Qxg7+ Kb6 0-1

[Event "Bodensee-Cup 2011  17th"]
[Site "Konstanz (13.5.-15.5)"]
[Date "2011.05.14"]
[Round "2.9"]
[White "Bredl, Harald"]
[Black "Schneider, Bernd(60)"]
[Result "1-0"]
[WhiteElo "2337"]
[BlackElo "2199"]
[PlyCount "117"]
[EventDate "2011.05.??"]
[EventType "team-swiss"]
[EventRounds "3"]
[EventCountry "GER"]
[WhiteTeam "Bayern"]
[BlackTeam "Baden"]
[WhiteTeamCountry "GER"]
[BlackTeamCountry "GER"]

1. d4 Nf6 2. Bg5 e6 3. e4 h6 4. Bxf6 Qxf6 5. Nc3 g6 6. Qd2 Bg7 7. O-O-O d6 8.
e5 Qe7 9. f4 d5 10. Nf3 Bd7 11. Kb1 h5 12. g3 a6 13. Qe3 Bc6 14. h3 Nd7 15. Bd3
Nb6 16. g4 O-O-O 17. b3 Kb8 18. Ne2 a5 19. c3 Bd7 20. Ng3 h4 21. Ne2 Rc8 22. g5
c5 23. dxc5 Qxc5 24. Qxc5 Rxc5 25. Nfd4 Nc8 26. Rc1 Ne7 27. b4 axb4 28. cxb4
Rxc1+ 29. Rxc1 Nf5 30. Bxf5 gxf5 31. Kb2 Bf8 32. Kb3 Be7 33. a3 Bd8 34. Ng1 Bb6
35. Ngf3 Bd8 36. Rg1 Bb6 37. g6 fxg6 38. Rxg6 Re8 39. a4 Rc8 40. Nxe6 Be3 41.
Nc5 Bc6 42. Nxh4 Bxf4 43. Nd3 Bd2 44. Nxf5 Be8 45. Rg2 Bd7 46. Rxd2 Bxf5 47.
Nf4 Rh8 48. Kc3 Re8 49. Kb3 Rh8 50. Rxd5 Rh4 51. Rd4 Bxh3 52. e6 Rh7 53. Nxh3
Rxh3+ 54. Kc4 Re3 55. Kd5 Kc7 56. Re4 Rd3+ 57. Kc4 Rd8 58. e7 Re8 59. Kb5 1-0

[Event "Bodensee-Cup 2011  17th"]
[Site "Konstanz (13.5.-15.5)"]
[Date "2011.05.14"]
[Round "2.10"]
[White "Rosner, Jonas"]
[Black "Deglmann, Ludwig"]
[Result "1-0"]
[WhiteElo "2285"]
[BlackElo "2285"]
[PlyCount "79"]
[EventDate "2011.05.??"]
[EventType "team-swiss"]
[EventRounds "3"]
[EventCountry "GER"]
[WhiteTeam "Baden"]
[BlackTeam "Bayern"]
[WhiteTeamCountry "GER"]
[BlackTeamCountry "GER"]

1. e4 e6 2. d4 d5 3. Nc3 Bb4 4. e5 c5 5. a3 Bxc3+ 6. bxc3 Qc7 7. Qg4 f5 8. Qg3
Nc6 9. Nf3 cxd4 10. cxd4 Nge7 11. Bd2 O-O 12. Bd3 Bd7 13. O-O Be8 14. h4 Bg6
15. Ng5 Qd7 16. c3 f4 17. Bxf4 Rxf4 18. Qxf4 h6 19. Bxg6 Nxg6 20. Qg3 hxg5 21.
Qxg5 Nh8 22. g4 Rf8 23. f4 Nf7 24. Qh5 Nh6 25. Rae1 Ne7 26. Kg2 Qb5 27. Re3
Qb2+ 28. Rf2 Qb1 29. Qg5 Rf7 30. h5 b6 31. Qh4 Qc1 32. Ref3 Qe1 33. f5 exf5 34.
g5 Ng4 35. g6 Rf8 36. Qxe7 Nxf2 37. Rxf2 Qe4+ 38. Kg1 Qe1+ 39. Kg2 Qe4+ 40. Kh2
1-0

[Event "Bodensee-Cup 2011  17th"]
[Site "Konstanz (13.5.-15.5)"]
[Date "2011.05.14"]
[Round "2.11"]
[White "Levushkina, Elena"]
[Black "Hirschberg, Valerian"]
[Result "1/2-1/2"]
[WhiteElo "2304"]
[BlackElo "2269"]
[PlyCount "105"]
[EventDate "2011.05.??"]
[EventType "team-swiss"]
[EventRounds "3"]
[EventCountry "GER"]
[WhiteTeam "Bayern"]
[BlackTeam "Baden"]
[WhiteTeamCountry "GER"]
[BlackTeamCountry "GER"]

1. d4 d5 2. Nf3 Nf6 3. c4 dxc4 4. e3 a6 5. Bxc4 e6 6. O-O c5 7. Bb3 Nbd7 8. e4
Nxe4 9. Qe2 c4 10. Bxc4 Nb6 11. Bxa6 bxa6 12. Qxe4 Qd5 13. Nc3 Qxe4 14. Nxe4
Bb7 15. Nc5 Bd5 16. Be3 Bd6 17. Ne5 Ke7 18. Ned3 Rhc8 19. Rfc1 Bc6 20. Bf4 Nd5
21. Bxd6+ Kxd6 22. Ne5 Be8 23. Rc2 Ke7 24. a3 Nc7 25. Rac1 Nb5 26. Nf3 Bc6 27.
Nb3 Bb7 28. Rxc8 Rxc8 29. Rxc8 Bxc8 30. Nc5 Kd6 31. Nb3 Kd5 32. a4 Nd6 33. Kf1
Nc4 34. Ke2 f6 35. a5 e5 36. dxe5 fxe5 37. Kd1 Nxb2+ 38. Kc2 Nc4 39. Kc3 Nd6
40. Nbd2 h6 41. Kb4 Bf5 42. Nf1 Bd3 43. Ne3+ Ke6 44. Nd2 Nb7 45. Nb3 Kd6 46.
Kc3 Bg6 47. Nc4+ Kd5 48. Kb4 Bd3 49. Ne3+ Kd6 50. Kc3 Bg6 51. Nc4+ Kd5 52. Kb4
Bd3 53. Ne3+ 1/2-1/2

[Event "Bodensee-Cup 2011  17th"]
[Site "Konstanz (13.5.-15.5)"]
[Date "2011.05.14"]
[Round "2.12"]
[White "Fiderer, Lukas"]
[Black "Mons, Leon"]
[Result "0-1"]
[WhiteElo "2185"]
[BlackElo "2300"]
[PlyCount "84"]
[EventDate "2011.05.??"]
[EventType "team-swiss"]
[EventRounds "3"]
[EventCountry "GER"]
[WhiteTeam "Baden"]
[BlackTeam "Bayern"]
[WhiteTeamCountry "GER"]
[BlackTeamCountry "GER"]

1. e4 g6 2. d4 Bg7 3. Nf3 d6 4. Nc3 a6 5. a4 b6 6. Bc4 e6 7. O-O Ne7 8. Bf4 Bb7
9. Qd2 h6 10. Rfe1 Nd7 11. h3 g5 12. Bg3 Ng6 13. Rad1 O-O 14. Qe3 Qe7 15. Ba2
Rac8 16. Ne2 Rfd8 17. Bh2 c5 18. c3 b5 19. axb5 axb5 20. Ng3 Nf4 21. h4 Qf6 22.
hxg5 hxg5 23. Ne2 Nxe2+ 24. Qxe2 g4 25. Nd2 cxd4 26. cxd4 Qxd4 27. Nc4 Qxe4 28.
Qxe4 Bxe4 29. Nxd6 Bc2 30. Nxc8 Bxd1 31. Ne7+ Kf8 32. Bd6 Ra8 33. Bxe6 fxe6 34.
Rxd1 Bxb2 35. Nf5+ Ke8 36. Nd4 Bxd4 37. Rxd4 Ra4 38. Rd3 Nf6 39. Rb3 Ne4 40.
Be5 b4 41. Re3 Nd2 42. Re2 Ra2 0-1

[Event "Bodensee-Cup 2011  17th"]
[Site "Konstanz (13.5.-15.5)"]
[Date "2011.05.14"]
[Round "2.1"]
[White "Zueger, Beat"]
[Black "Zeller, Frank"]
[Result "1-0"]
[WhiteElo "2402"]
[BlackElo "2341"]
[PlyCount "73"]
[EventDate "2011.05.??"]
[EventType "team-swiss"]
[EventRounds "3"]
[EventCountry "GER"]
[WhiteTeam "Schweiz"]
[BlackTeam "Württemberg"]
[WhiteTeamCountry "SUI"]
[BlackTeamCountry "DDR"]

1. c4 Nf6 2. Nc3 c5 3. g3 e6 4. Nf3 b6 5. Bg2 Bb7 6. O-O Be7 7. b3 O-O 8. Bb2
a6 9. e3 Re8 10. d4 cxd4 11. exd4 d5 12. Ne5 Ra7 13. Rc1 dxc4 14. Bxb7 Rxb7 15.
bxc4 Rc7 16. Qa4 Qc8 17. Qb3 Nc6 18. Na4 Nxe5 19. dxe5 Nd7 20. Nxb6 Nxb6 21.
Qxb6 Rb7 22. Qd4 Rd8 23. Qc3 Bb4 24. Qf3 Rd2 25. Bc3 Rxa2 26. Bxb4 Rxb4 27. c5
Rbb2 28. c6 Rc2 29. Rxc2 Rxc2 30. Rd1 h6 31. Rd6 Rc1+ 32. Kg2 Qc7 33. h4 Rc5
34. Kh2 f5 35. Rxe6 Qf7 36. Qb3 Kh8 37. Rxh6+ 1-0

[Event "Bodensee-Cup 2011  17th"]
[Site "Konstanz (13.5.-15.5)"]
[Date "2011.05.14"]
[Round "2.2"]
[White "Dausch, Rene"]
[Black "Moor, Roger"]
[Result "1-0"]
[WhiteElo "2342"]
[BlackElo "2401"]
[PlyCount "101"]
[EventDate "2011.05.??"]
[EventType "team-swiss"]
[EventRounds "3"]
[EventCountry "GER"]
[WhiteTeam "Württemberg"]
[BlackTeam "Schweiz"]
[WhiteTeamCountry "DDR"]
[BlackTeamCountry "SUI"]

1. e4 c5 2. Nf3 Nc6 3. c3 Nf6 4. e5 Nd5 5. d4 cxd4 6. Bc4 Nb6 7. Bb3 d6 8. exd6
e6 9. cxd4 Bxd6 10. O-O O-O 11. Nc3 Nb4 12. Ne4 N4d5 13. Bc2 f6 14. Re1 Nf4 15.
Bxf4 Bxf4 16. Qd3 g6 17. Nc5 Qd6 18. g3 Bh6 19. Qe4 Nd5 20. Bb3 Kf7 21. Re2 b6
22. Qh4 Kg7 23. Ne4 Qd8 24. Nc3 Bb7 25. Nxd5 exd5 26. Rae1 Rf7 27. Ba4 Qf8 28.
Kg2 Ba6 29. Re6 Rd8 30. a3 Bd3 31. Ng1 Bg5 32. Qg4 Bf5 33. Qe2 Bxe6 34. Qxe6
Qd6 35. Qe2 Kf8 36. f4 Bh6 37. Qb5 Re7 38. Rc1 Rc7 39. Re1 Rdd7 40. Bb3 Re7 41.
Rxe7 Kxe7 42. Ne2 Qd7 43. Qd3 f5 44. Nc3 Kf8 45. Nxd5 Rc8 46. Kh3 Bg7 47. Qd2
Qd6 48. Ba2 h6 49. Qd3 Qc6 50. Qb3 g5 51. Qb4+ 1-0

[Event "Bodensee-Cup 2011  17th"]
[Site "Konstanz (13.5.-15.5)"]
[Date "2011.05.14"]
[Round "2.3"]
[White "Moor, Olivier"]
[Black "Heidenfeld, Mark"]
[Result "1-0"]
[WhiteElo "2390"]
[BlackElo "2332"]
[PlyCount "129"]
[EventDate "2011.05.??"]
[EventType "team-swiss"]
[EventRounds "3"]
[EventCountry "GER"]
[WhiteTeam "Schweiz"]
[BlackTeam "Württemberg"]
[WhiteTeamCountry "SUI"]
[BlackTeamCountry "DDR"]

1. d4 e6 2. Nf3 d5 3. c4 Nf6 4. Nc3 c5 5. cxd5 exd5 6. Bg5 Be6 7. e4 dxe4 8.
Nxe4 cxd4 9. Bb5+ Nc6 10. O-O Be7 11. Nxf6+ Bxf6 12. Bxf6 Qxf6 13. Qxd4 Qxd4
14. Nxd4 O-O-O 15. Nxe6 fxe6 16. Rac1 Kc7 17. Rfe1 Rhe8 18. Bxc6 bxc6 19. Re2
Rd6 20. Kf1 Rb8 21. f3 Rb5 22. Rc4 g5 23. h4 h6 24. Kf2 a5 25. hxg5 hxg5 26.
Kg3 Kd7 27. b3 Rb4 28. Rc5 Rd5 29. Rec2 a4 30. Rxc6 axb3 31. axb3 Rxb3 32. Rc7+
Kd6 33. Rg7 Rf5 34. Rd2+ Ke5 35. Rg6 Rb6 36. Re2+ Kd5 37. Re4 Rc6 38. Rg4 Ke5
39. Re4+ Kd5 40. Ra4 Re5 41. Ra5+ Kd6 42. Rxe5 Kxe5 43. Kg4 Rc2 44. Rxg5+ Kf6
45. Kh5 e5 46. Kh6 Rf2 47. Rg6+ Kf7 48. Rg7+ Kf6 49. Rg6+ Kf7 50. Rg5 Re2 51.
Rf5+ Ke6 52. g4 Ra2 53. Kg6 Ra3 54. g5 Re3 55. Rf6+ Ke7 56. Kg7 e4 57. fxe4
Rxe4 58. g6 Re1 59. Rf4 Re2 60. Kh7 Rh2+ 61. Kg8 Rg2 62. g7 Rg1 63. Rh4 Kf6 64.
Rh6+ Ke7 65. Kh8 1-0

[Event "Bodensee-Cup 2011  17th"]
[Site "Konstanz (13.5.-15.5)"]
[Date "2011.05.14"]
[Round "2.4"]
[White "Braeuning, Rudolf Wilhelm"]
[Black "Sutter, Oliver"]
[Result "1/2-1/2"]
[WhiteElo "2370"]
[BlackElo "2365"]
[PlyCount "49"]
[EventDate "2011.05.??"]
[EventType "team-swiss"]
[EventRounds "3"]
[EventCountry "GER"]
[WhiteTeam "Württemberg"]
[BlackTeam "Schweiz"]
[WhiteTeamCountry "DDR"]
[BlackTeamCountry "SUI"]

1. e4 c6 2. d4 d5 3. exd5 cxd5 4. c4 Nf6 5. Nc3 e6 6. Nf3 Bb4 7. Bd3 dxc4 8.
Bxc4 O-O 9. O-O a6 10. a3 Bxc3 11. bxc3 b5 12. Bd3 Bb7 13. a4 Qd5 14. Re1 Nbd7
15. Qe2 Nb6 16. axb5 axb5 17. Rxa8 Rxa8 18. Bxb5 Ra2 19. Qe5 Qxe5 20. Nxe5 Ne4
21. c4 Nc3 22. c5 Nxb5 23. cxb6 Ra6 24. Be3 Rxb6 25. d5 1/2-1/2

[Event "Bodensee-Cup 2011  17th"]
[Site "Konstanz (13.5.-15.5)"]
[Date "2011.05.14"]
[Round "2.5"]
[White "Wirthensohn, Heinz"]
[Black "Strunski, Andreas"]
[Result "1/2-1/2"]
[WhiteElo "2405"]
[BlackElo "2331"]
[PlyCount "46"]
[EventDate "2011.05.??"]
[EventType "team-swiss"]
[EventRounds "3"]
[EventCountry "GER"]
[WhiteTeam "Schweiz"]
[BlackTeam "Württemberg"]
[WhiteTeamCountry "SUI"]
[BlackTeamCountry "DDR"]

1. d4 Nf6 2. Nf3 g6 3. Nc3 d5 4. Bf4 Bg7 5. Nb5 Na6 6. e3 O-O 7. h3 Bf5 8. g4
Be4 9. Nc3 Bxf3 10. Qxf3 c5 11. Bxa6 bxa6 12. dxc5 Ne4 13. Nxe4 dxe4 14. Qxe4
Bxb2 15. Rb1 Qa5+ 16. Ke2 Bg7 17. Qxe7 Rfe8 18. Qb7 Qxc5 19. Qxa6 g5 20. Bg3
Qxc2+ 21. Kf3 Qe4+ 22. Ke2 Qc2+ 23. Kf3 Qe4+ 1/2-1/2

[Event "Bodensee-Cup 2011  17th"]
[Site "Konstanz (13.5.-15.5)"]
[Date "2011.05.14"]
[Round "2.6"]
[White "Jurek, Josef"]
[Black "Gaehler, Marco"]
[Result "1-0"]
[WhiteElo "2332"]
[BlackElo "2324"]
[PlyCount "59"]
[EventDate "2011.05.??"]
[EventType "team-swiss"]
[EventRounds "3"]
[EventCountry "GER"]
[WhiteTeam "Württemberg"]
[BlackTeam "Schweiz"]
[WhiteTeamCountry "DDR"]
[BlackTeamCountry "SUI"]

1. Nf3 b6 2. g3 Bb7 3. Bg2 e5 4. O-O d6 5. c4 Nc6 6. d4 Nxd4 7. Nxd4 Bxg2 8.
Kxg2 exd4 9. Qxd4 Nf6 10. Nc3 Be7 11. b3 Qd7 12. Bb2 h5 13. h3 c6 14. Rfd1 Rh6
15. Rd3 Rg6 16. Rad1 h4 17. Rf3 O-O-O 18. a4 Rh8 19. Rh1 Nh5 20. Qe4 Rg5 21.
Rxf7 Re8 22. g4 Nf6 23. Qe3 Re5 24. Qf3 Rg8 25. Nb5 cxb5 26. Bxe5 dxe5 27. Qa8+
Kc7 28. Qxa7+ Kc8 29. Rxe7 Qc6+ 30. f3 1-0

[Event "Bodensee-Cup 2011  17th"]
[Site "Konstanz (13.5.-15.5)"]
[Date "2011.05.14"]
[Round "2.7"]
[White "Carron, Julien"]
[Black "Weidemann, Joerg"]
[Result "1/2-1/2"]
[WhiteElo "2361"]
[BlackElo "2274"]
[PlyCount "148"]
[EventDate "2011.05.??"]
[EventType "team-swiss"]
[EventRounds "3"]
[EventCountry "GER"]
[WhiteTeam "Schweiz"]
[BlackTeam "Württemberg"]
[WhiteTeamCountry "SUI"]
[BlackTeamCountry "DDR"]

1. d4 d5 2. Nf3 Nf6 3. c4 e6 4. g3 Be7 5. Bg2 O-O 6. O-O Nbd7 7. Qc2 c6 8. b3
Ne4 9. Ne1 f5 10. Nd3 Bf6 11. Bb2 Re8 12. Ne5 Nxe5 13. dxe5 Be7 14. Nc3 Bd7 15.
Nxe4 dxe4 16. c5 Qa5 17. Bd4 Rad8 18. Rab1 Bc8 19. b4 Qc7 20. e3 Bf8 21. f3
exf3 22. Bxf3 g6 23. Qc3 Bg7 24. Rfe1 Rf8 25. b5 Bd7 26. a4 Rde8 27. Re2 Re7
28. Reb2 Bc8 29. a5 g5 30. a6 Rd8 31. b6 Qb8 32. Qa5 Rf8 33. axb7 Rxb7 34. bxa7
Qxa7 35. Qxa7 Rxa7 36. Bxc6 f4 37. gxf4 gxf4 38. Rg2 Kh8 39. exf4 Rxf4 40. Rb8
Rc7 41. Be3 Rf8 42. Be4 Bxe5 43. Ra8 Rcf7 44. Rg5 Bf6 45. Rg3 Be5 46. Rg5 Bf6
47. Rg3 Be5 48. Rf3 Rxf3 49. Bxf3 Rxf3 50. Rxc8+ Kg7 51. Bf2 Rf7 52. Re8 Kf6
53. Kg2 Kf5 54. h3 Bc7 55. Kf3 Ke5+ 56. Ke2 Kd5 57. Be3 e5 58. Kd3 Ba5 59. Ra8
e4+ 60. Ke2 Bc7 61. Ra7 h5 62. Bf2 Rg7 63. Ra6 Bg3 64. Rh6 Bxf2 65. Rxh5+ Kd4
66. Kxf2 e3+ 67. Kf1 Kd3 68. Rd5+ Ke4 69. Rd8 Rc7 70. Ke2 Rxc5 71. Re8+ Kf4 72.
Rf8+ Ke4 73. Re8+ Kf4 74. Rf8+ Ke4 1/2-1/2

[Event "Bodensee-Cup 2011  17th"]
[Site "Konstanz (13.5.-15.5)"]
[Date "2011.05.14"]
[Round "2.8"]
[White "Krassowizkij, Jaroslaw"]
[Black "Rosenthal, Jonathan"]
[Result "1-0"]
[WhiteElo "2312"]
[BlackElo "2335"]
[PlyCount "41"]
[EventDate "2011.05.??"]
[EventType "team-swiss"]
[EventRounds "3"]
[EventCountry "GER"]
[WhiteTeam "Württemberg"]
[BlackTeam "Schweiz"]
[WhiteTeamCountry "DDR"]
[BlackTeamCountry "SUI"]

1. d4 Nf6 2. c4 c6 3. Nf3 d5 4. e3 e6 5. b3 Nbd7 6. Bb2 b6 7. Bd3 Bb7 8. O-O
Rc8 9. Nbd2 Be7 10. Ne5 Nxe5 11. dxe5 Nd7 12. Qg4 g6 13. f4 Nc5 14. Bc2 Qc7 15.
Rad1 Rd8 16. b4 Na6 17. cxd5 Rxd5 18. a3 O-O 19. e4 Rd7 20. f5 Bc8 21. f6 1-0

[Event "Bodensee-Cup 2011  17th"]
[Site "Konstanz (13.5.-15.5)"]
[Date "2011.05.14"]
[Round "2.9"]
[White "Hochstrasser, Michael"]
[Black "Knoedler, Dieter"]
[Result "1/2-1/2"]
[WhiteElo "2320"]
[BlackElo "2278"]
[PlyCount "56"]
[EventDate "2011.05.??"]
[EventType "team-swiss"]
[EventRounds "3"]
[EventCountry "GER"]
[WhiteTeam "Schweiz"]
[BlackTeam "Württemberg"]
[WhiteTeamCountry "SUI"]
[BlackTeamCountry "DDR"]

1. d4 e6 2. c4 Nf6 3. Nc3 Bb4 4. e3 c5 5. Nge2 cxd4 6. exd4 O-O 7. a3 Be7 8.
Nf4 d5 9. cxd5 Nxd5 10. Ncxd5 exd5 11. Bd3 Nc6 12. Be3 Bf6 13. O-O g6 14. Rc1
Qd6 15. Rc5 Be6 16. Nxe6 Qxe6 17. Bb5 Ne7 18. Re1 Qb6 19. b4 Rfd8 20. g4 a5 21.
bxa5 Rxa5 22. a4 Nc6 23. Qf3 Bxd4 24. Rxd5 Rxd5 25. Qxd5 Bxe3 26. Rxe3 Qd4 27.
Qe4 Qxe4 28. Rxe4 Na7 1/2-1/2